000 00475nam a22001697a 4500
999 _c4009
_d4009
003 GBCCL
005 20241126110508.0
008 171220b xxu||||| |||| 00| 0 eng d
040 _cgbc
082 _a248.6
_bREE
100 _aReed, Millard
_97767
245 _aTake care, Man!:
_bStewardship to Teens /
_cMillard Reed
260 _aMissouri:
_bBeacon Hill Press of Kansas City,
_c1969
300 _a87 p.;
_c18 cm.
650 _aStewardship
_vteenagers
_99471
942 _2ddc
_cBK